Normal view
MARC view
- ANATOMIA VETERINARIA
Entry Materia
001 - NÚMERO DE CONTROL DEL REGISTRO
- campo de control: 186
003 - IDENTIFICADOR DE NUMERO DE CONTROL
- campo de control: UPN
005 - FECHA Y HORA DE LA ÚLTIMA TRANSACCIÓN
- campo de control: 20210219193601.0
008 - DATOS DE LONGITUD FIJA
- campo de control de longitud fija: nabaccnnaabn|||||||||| b |nc|||||d
035 ## - NÚMERO DE CONTROL DEL SISTEMA
- Número de control del sistema: UPN10000000186
040 ## - FUENTE DE LA CATALOGACIÓN
- Lengua de catalogación: SPA
- Agencia de transcripción: UPN
150 ## - ENCABEZAMIENTO - TEMÁTICO
- Término de materia o nombre geográfico como elemento inicial: ANATOMIA VETERINARIA
450 ## - VÉASE - MATERIA
- Encabezamiento temático: Animales domésticos -
- Subdivisión temática general: Anatomía
670 ## - FUENTE EN LA QUE SE LOCALIZARON DATOS
- Cita de la fuente: A
902 ## - CATALOGADOR
- Catalogador: MEEG/290604
